Compare of wheat bran and rice brans in concentrate feed on fattening pigs at top chantha's farm in posenchey disrtict, phnom penh, ប្រៀបធៀបការប្រើប្រាស់កន្ទក់លេខ១លើការលូតលាស់ឃជ្រូកសាច់កូនកាត់នៅកសិដ្ឋាន តុប ចន្ថា ខ័ណ្ឌ ពោធិ៍សែនជ័យ រាជធានីភ្នំពេញ. (Record no. 2712)

000 -LEADER
fixed length control field 00819nam a22001337a 4500
040 ## - CATALOGING SOURCE
Transcribing agency RUA
082 ## - DEWEY DECIMAL CLASSIFICATION NUMBER
Classification number AVM CHA 2013 B105 Or.1
100 ## - MAIN ENTRY--AUTHOR NAME
Personal name CHAO, SOPHOIRN.
245 ## - TITLE STATEMENT
Title Compare of wheat bran and rice brans in concentrate feed on fattening pigs at top chantha's farm in posenchey disrtict, phnom penh, ប្រៀបធៀបការប្រើប្រាស់កន្ទក់លេខ១លើការលូតលាស់ឃជ្រូកសាច់កូនកាត់នៅកសិដ្ឋាន តុប ចន្ថា ខ័ណ្ឌ ពោធិ៍សែនជ័យ រាជធានីភ្នំពេញ.
260 ## - PUBLICATION, DISTRIBUTION, ETC. (IMPRINT)
Place of publication phnom penh
Name of publisher RUA
Year of publication 201`3
300 ## - PHYSICAL DESCRIPTION
Number of Pages x,41p.
Other physical details ill.
Dimensions 29cm.
856 ## - ELECTRONIC LOCATION AND ACCESS
Uniform Resource Identifier https://drive.google.com/file/d/18cRW7S32bsh-FtZza1njc3xueZwRiOA6/view?usp=sharing
942 ## - ADDED ENTRY ELEMENTS (KOHA)
Koha item type AVM
952 ## - LOCATION AND ITEM INFORMATION (KOHA)
Withdrawn status [LOCAL, KOHA] 0
952 ## - LOCATION AND ITEM INFORMATION (KOHA)
Withdrawn status [LOCAL, KOHA] 0
952 ## - LOCATION AND ITEM INFORMATION (KOHA)
Withdrawn status [LOCAL, KOHA] 0
952 ## - LOCATION AND ITEM INFORMATION (KOHA)
Withdrawn status [LOCAL, KOHA] 0
952 ## - LOCATION AND ITEM INFORMATION (KOHA)
Withdrawn status [LOCAL, KOHA] 0
952 ## - LOCATION AND ITEM INFORMATION (KOHA)
Withdrawn status [LOCAL, KOHA] 0
952 ## - LOCATION AND ITEM INFORMATION (KOHA)
Withdrawn status [LOCAL, KOHA] 0
952 ## - LOCATION AND ITEM INFORMATION (KOHA)
Withdrawn status [LOCAL, KOHA] 0
Holdings
Permanent Location Date acquired Koha item type Lost status Shelving location Barcode Current Location Full call number
Library Block B2015-10-26AVM B105RUA018263Library Block BAVM CHA 2013 B105 Or.1
Library Block B2015-10-26AVM B105RUA018341Library Block BAVM CHA 2013 B105 Or.2
Library Block B2015-10-26AVM B105RUA018333Library Block BAVM CHA 2013 B105 Or.3
Library Block B2015-10-26AVM B105RUA018053Library Block BAVM CHA 2013 B105 Or.4
Library Block B2015-10-26AVM B105RUA018252Library Block BAVM CHA 2013 B105 Or.5
Library Block B2015-10-26AVM B105RUA018324Library Block BAVM CHA 2013 B105 Or.6
Library Block B2015-10-26AVM B105RUA009657Library Block BAVM CHA 2013 B105 Or.7
Library Block B2015-10-26AVM B105RUA016143Library Block BAVM CHA 2013 B105 Or.8
មជ្ឈមណ្ឌលឯការនៃសាកលវិទ្យាល័យភូមិន្ទកសិកម្មចំការដូង

Powered by Koha